Nombra una capital asiática válida - Estadísticas

Estadísticas generales
  • Esta prueba ha sido intentada 2.432 veces
  • La puntuación promedio es 11 de 19
Estadísticas de respuestas
Nombra una capital asiática que... Capitales % Correcto
ha acogido los Juegos Olímpicos de Verano Pekín | Seúl | Tokio
99%
es la capital de un país mediterráneo Ankara | Beirut | Damasco | Jerusalén | Nicosia
86%
está en una isla Bandar Seri Begawan | Dili | Yakarta | Manama | Malé | Manila | Nicosia | Singapur | Sri Jayawardenapura Kotte | Taipéi | Tokio
83%
es la capital de un país limítrofe de Camboya Bangkok | Hanói | Vientián
81%
es la capital de un país "Stan" Asjabad | Astaná | Biskek | Dusambé | Islamabad | Kabul | Taskent
74%
tiene una altitud superior a 1400 m Kabul | Katmandú | Saná | Timbu
73%
está a más de 1100 km de cualquier otra capital mundial Bandar Seri Begawan | Dili | Manila | Taipéi | Tokio | Ulán Bator
69%
está al sur del ecuador Dili | Yakarta
66%
contiene la letra C Daca | Damasco | Mascate | Nicosia
63%
tiene 3 palabras en su nombre Bandar Seri Begawan | Sri Jayawardenapura Kotte
62%
tiene una temperatura máxima diaria mediade al menos 33,3ºC Abu Dhabi | Kuwait | Mascate | Riad | Bangkok
59%
es una de las tres últimas capitales asiáticas alfabéticamente Ulán Bator | Vientián | Yakarta
56%
recibió más de 13 millones de turistas en 2019 Bangkok | Singapur | Kuala Lumpur
49%
contienen la letra i dos veces Dili | Naipyidó | Nicosia | Taipéi | Tiflis | Vientián
49%
está a menos de 500 km del Mar Caspio Asjabad | Bakú | Tiflis | Teherán | Ereván
44%
se adivina menos del 41% de las veces en el concurso «Capitales de Asia». Asjabad | Bandar Seri Begawan | Dusambé | Naipyidó | Sri Jayawardenapura Kotte | Taskent
34%
recibe menos de 10cm de precipitaciones anuales Abu Dhabi | Manama | Doha | Mascate
33%
se encuentra en el río Mekong Nom Pen | Vientián
33%
tiene entre 3 y 4 millones de habitantes en su área urbana Amán | Damasco | Hanói | Kabul
26%
No se encontraron pruebas coincidentes
Distribución de puntuación
Porcentaje de gente con cada puntuación
Porcentaje por número respondido
Historial de tus puntuaciones
No has intentado esta prueba.